| 000 | 00563nam a22001811a 4500 | ||
|---|---|---|---|
| 003 | NEGST | ||
| 005 | 20110718122852.0 | ||
| 008 | 030618s1994 cou 001 0 eng d | ||
| 100 | 1 | _aNigeria Bible Translation Trust. | |
| 245 | 1 | 0 |
_aAji bu cidon : _bnuge wa ripye. / _cInternational Bible Society. |
| 260 |
_aColorado Springs, CO : _bInt. Bible Society, _c1994. |
||
| 300 | _a574p : ill., maps. | ||
| 590 | _aAccession number: 19822 | ||
| 600 | 1 | 0 | _aJukun language - Texts. |
| 600 | 1 | 0 | _aBible. N.T. Jukun. 1994. |
| 630 | 0 | 0 | _aBible. N.T. Jukun. |
| 999 |
_c14652 _d14652 |
||